[Event "Panevezys op-A"]
[Site "Panevezys"]
[Date "2009.08.19"]
[Round "4"]
[White "Rogulis, Uldis"]
[Black "Vaicekauskas, Gytis"]
[Result "1-0"]
[WhiteElo "1846"]
[BlackElo "1878"]
[PlyCount "81"]
[EventDate "2009.08.17"]
[EventType "swiss"]
[EventRounds "9"]
[EventCountry "LTU"]
[SourceTitle "CBM 131 Extra"]
[Source "ChessBase"]
[SourceDate "2009.09.03"]
[SourceVersion "2"]
[SourceVersionDate "2009.09.16"]
[SourceQuality "1"]

1. d4 Nf6 2. c4 g6 3. Nc3 Bg7 4. Nf3 0-0 5. g3 d6 6. Bg2 Nc6 7. 0-0 Rb8 8. Re1 a6 9. e4 e5 10. d5 Ne7 11. b4 Ne8 12. Qb3 f5 13. Bg5 h6 14. Bxe7 Qxe7 15. Rac1 f4 16. c5 Bg4 17. Ne2 Qf7 18. gxf4 exf4 19. a4 g5 20. h3 Bd7 21. Ned4 g4 22. hxg4 Kh8 23. Nf5 h5 24. Ng5 Qg6 25. Ne6 Rg8 26. Ne7 Qf7 27. Nxg8 hxg4 28. Ne7 Qxe7 29. Nxf4 Qf7 30. Ne6 Be5 31. Qe3 Qh7 32. Qg5 Qh2+ 33. Kf1 Bxa4 34. Qxg4 Bb5+ 35. Re2 Bxe2+ 36. Kxe2 Qh7 37. Rh1 Bh2 38. Ng5 Nf6 39. Qf3 Qg6 40. Rxh2+ Kg8 41. Qf5 1-0

[Event "Panevezys op-A"]
[Site "Panevezys"]
[Date "2009.08.18"]
[Round "3"]
[White "Bieliauskas, Marius"]
[Black "Rogulis, Uldis"]
[Result "1-0"]
[WhiteElo "2144"]
[BlackElo "1846"]
[PlyCount "117"]
[EventDate "2009.08.17"]
[EventType "swiss"]
[EventRounds "9"]
[EventCountry "LTU"]
[SourceTitle "CBM 131 Extra"]
[Source "ChessBase"]
[SourceDate "2009.09.03"]
[SourceVersion "2"]
[SourceVersionDate "2009.09.16"]
[SourceQuality "1"]

1. d4 d5 2. c4 c6 3. Nc3 Nf6 4. Nf3 e6 5. e3 Bd6 6. Qc2 0-0 7. Be2 Re8 8. 0-0 Nbd7 9. a3 Nf8 10. e4 dxe4 11. Nxe4 Nxe4 12. Qxe4 Nd7 13. Bd3 g6 14. Bf4 Qc7 15. Bxd6 Qxd6 16. Rad1 Qc7 17. Rfe1 b6 18. Ne5 Bb7 19. Qf4 Nxe5 20. dxe5 c5 21. Bc2 Rad8 22. Rd6 Bc6 23. Red1 Rd7 24. Be4 Red8 25. Qd2 Kg7 26. h4 h5 27. b4 Ba4 28. Bc2 Rxd6 29. exd6 Qd7 30. b5 Bxc2 31. Qxc2 Qe8 32. Qe4 Rd7 33. g3 Qd8 34. a4 Kg8 35. Qc6 Kh7 36. a5 Kg7 37. Kh2 Kh7 38. axb6 axb6 39. Qf3 Kg7 40. Qe4 Kh7 41. Qe5 Kg8 42. Kh3 Kh7 43. f3 Qh8 44. Qf4 Qd8 45. g4 hxg4+ 46. fxg4 Qh8 47. h5 Qc3+ 48. Kg2 Qb2+ 49. Rd2 Qg7 50. Qe4 Qg8 51. g5 Qd8 52. hxg6+ fxg6 53. Qe5 Qe8 54. Re2 Qd8 55. Kg1 Kg8 56. Qxe6+ Kg7 57. Qe5+ Kg8 58. Rh2 Rh7 59. Rxh7 1-0

[Event "Brno op-A"]
[Site "Brno"]
[Date "2007.07.05"]
[Round "5"]
[White "Rogulis, Uldis"]
[Black "Spodny, Josef"]
[Result "0-1"]
[WhiteElo "1842"]
[BlackElo "2117"]
[PlyCount "88"]
[EventDate "2007.07.01"]
[EventType "swiss"]
[EventRounds "9"]
[EventCountry "CZE"]
[SourceTitle "CBM 119 Extra"]
[Source "ChessBase"]
[SourceDate "2007.09.04"]
[SourceVersion "1"]
[SourceVersionDate "2007.09.04"]
[SourceQuality "1"]

1. d4 Nf6 2. c4 e6 3. Nf3 Bb4+ 4. Bd2 Qe7 5. a3 Bxd2+ 6. Nbxd2 d6 7. g3 e5 8. d5 e4 9. Nd4 e3 10. N2f3 exf2+ 11. Kxf2 Ng4+ 12. Ke1 0-0 13. Qd2 Ne3 14. Rc1 c5 15. dxc6 Nxc6 16. Nxc6 bxc6 17. Rc3 Re8 18. Nd4 Qe4 19. Rxe3 Qxe3 20. Qxe3 Rxe3 21. Bg2 Bd7 22. Kf2 Rae8 23. Bf3 c5 24. Nb5 Bxb5 25. cxb5 Rb3 26. Rb1 Re6 27. Bd5 Rf6+ 28. Kg2 Rxb5 29. b3 a5 30. a4 Rb4 31. e3 Kf8 32. Rd1 Ke7 33. e4 g5 34. g4 Rf4 35. h3 Kf6 36. Rd3 Ke7 37. Kg3 Rbxe4 38. Bxe4 Rxe4 39. Kf3 Rf4+ 40. Ke3 Ke6 41. Ke2 d5 42. Kd2 d4 43. Ke2 Kd5 44. Rg3 Ke4 0-1

[Event "Brno op-A"]
[Site "Brno"]
[Date "2007.07.02"]
[Round "2"]
[White "Rogulis, Uldis"]
[Black "Kuchynka, Lubos"]
[Result "1/2-1/2"]
[WhiteElo "1842"]
[BlackElo "2067"]
[PlyCount "37"]
[EventDate "2007.07.01"]
[EventType "swiss"]
[EventRounds "9"]
[EventCountry "CZE"]
[SourceTitle "CBM 119 Extra"]
[Source "ChessBase"]
[SourceDate "2007.09.04"]
[SourceVersion "1"]
[SourceVersionDate "2007.09.04"]
[SourceQuality "1"]

1. d4 Nf6 2. c4 g6 3. Nc3 Bg7 4. g3 d6 5. Bg2 0-0 6. e4 Nc6 7. Nge2 e5 8. d5 Nd4 9. 0-0 c5 10. dxc6 bxc6 11. Nxd4 exd4 12. Qxd4 Ng4 13. Qd2 Be6 14. b3 Qa5 15. Bb2 Qh5 16. h3 Ne5 17. Qd1 Rab8 18. Qxh5 gxh5 19. Na4 1/2-1/2